Hauptstädte, die München am nächsten liegen - Statistiken

Allgemein
  • Dieses Quiz wurde 453 mal gespielt
  • Das Durchschnittsergebnis liegt bei 8 aus 10
Antwortstatistiken
Entfernung Hauptstädte % Korrekt
407km Wien
99%
431km Bern
96%
300km Prag
96%
586km Berlin
89%
238km Vaduz
85%
492km Bratislava
75%
549km Zagreb
74%
603km Brüssel
66%
431km Luxemburg
66%
407km Ljubljana
63%
Keine übereinstimmenden Quizze gefunden
Verteilung der Resultate
Anzahl Personen mit jedem Resultat
Perzentil nach korrekt beantworteten Fragen
Ihre Resultats-Entwicklung
Sie haben dieses Quiz noch nicht gespielt